<?xml version="1.0" encoding="UTF-8"?>
<record
    xmlns:xsi="http://www.w3.org/2001/XMLSchema-instance"
    xsi:schemaLocation="http://www.loc.gov/MARC21/slim http://www.loc.gov/standards/marcxml/schema/MARC21slim.xsd"
    xmlns="http://www.loc.gov/MARC21/slim">

  <leader>01612nam a22003017a 4500</leader>
  <controlfield tag="001">435</controlfield>
  <controlfield tag="003">OSt</controlfield>
  <controlfield tag="005">20250625102346.0</controlfield>
  <controlfield tag="008">250625b        |||||||g |||| 00| 0 eng d</controlfield>
  <datafield tag="020" ind1=" " ind2=" ">
    <subfield code="a">9788535206234</subfield>
  </datafield>
  <datafield tag="040" ind1=" " ind2=" ">
    <subfield code="b">por</subfield>
  </datafield>
  <datafield tag="041" ind1=" " ind2=" ">
    <subfield code="h">por</subfield>
    <subfield code="a">eng</subfield>
  </datafield>
  <datafield tag="082" ind1=" " ind2=" ">
    <subfield code="a">158.1</subfield>
    <subfield code="b">K68p</subfield>
  </datafield>
  <datafield tag="100" ind1="1" ind2=" ">
    <subfield code="a">Kiyosaki, Robert T.,</subfield>
    <subfield code="d">1947-</subfield>
    <subfield code="9">951</subfield>
  </datafield>
  <datafield tag="240" ind1=" " ind2=" ">
    <subfield code="a">Rich Dad, Poor Dad</subfield>
  </datafield>
  <datafield tag="245" ind1=" " ind2=" ">
    <subfield code="a">Pai Rico Pai Pobre:</subfield>
    <subfield code="b">O que os ricos ensinam a seus filhos sobre dinheiro / </subfield>
    <subfield code="c">Kiyosaki, Robert T ; Tradu&#xE7;&#xE3;o de Maria Jos&#xE9; Cylhar Monteiro</subfield>
  </datafield>
  <datafield tag="250" ind1=" " ind2=" ">
    <subfield code="a">61 ed.</subfield>
  </datafield>
  <datafield tag="260" ind1=" " ind2=" ">
    <subfield code="a">Rio de Janeiro</subfield>
    <subfield code="b">Campus / Elsevier</subfield>
    <subfield code="c">2000</subfield>
  </datafield>
  <datafield tag="300" ind1=" " ind2=" ">
    <subfield code="a">192 p.</subfield>
  </datafield>
  <datafield tag="520" ind1=" " ind2=" ">
    <subfield code="a">O objetivo deste livro &#xE9; o de partilhar percep&#xE7;&#xF5;es quanto &#xE0; maneira como uma maior intelig&#xEA;ncia financeira pode ser empregada para resolver muitos dos problemas comuns da vida. Sem treinamento financeiro, freq&#xFC;entemente recorremos a f&#xF3;rmulas padronizadas para levar a vida, como trabalhar com afinco, poupar, fazer empr&#xE9;stimos e pagar impostos demais. Segundo o autor, cada indiv&#xED;duo tem o poder de determinar o destino do dinheiro que chega &#xE0;s m&#xE3;os. A escolha &#xE9; de cada um. A cada dia, a cada nota, decidimos ser rico, pobre ou classe m&#xE9;dia. Dividir este conhecimento com os filhos &#xE9; a melhor maneira de prepar&#xE1;-los para o mundo que os aguarda. Ningu&#xE9;m mais o far&#xE1;.
</subfield>
  </datafield>
  <datafield tag="650" ind1=" " ind2="0">
    <subfield code="a">Literatura Americana</subfield>
    <subfield code="9">84</subfield>
  </datafield>
  <datafield tag="650" ind1=" " ind2="0">
    <subfield code="a">Mentalidade de riqueza</subfield>
    <subfield code="9">952</subfield>
  </datafield>
  <datafield tag="650" ind1=" " ind2="0">
    <subfield code="a">Tomada de decis&#xE3;o econ&#xF4;mica</subfield>
    <subfield code="9">953</subfield>
  </datafield>
  <datafield tag="650" ind1=" " ind2="0">
    <subfield code="a">Liberdade financeira</subfield>
    <subfield code="9">955</subfield>
  </datafield>
  <datafield tag="655" ind1=" " ind2="0">
    <subfield code="a">N&#xE3;o Fic&#xE7;&#xE3;o</subfield>
    <subfield code="9">102</subfield>
  </datafield>
  <datafield tag="700" ind1=" " ind2=" ">
    <subfield code="a"> Maria Jos&#xE9; Cylhar Monteiro</subfield>
    <subfield code="e">TRADUTOR</subfield>
    <subfield code="9">956</subfield>
  </datafield>
  <datafield tag="942" ind1=" " ind2=" ">
    <subfield code="2">ddc</subfield>
    <subfield code="c">BK</subfield>
    <subfield code="n">0</subfield>
  </datafield>
  <datafield tag="952" ind1=" " ind2=" ">
    <subfield code="0">0</subfield>
    <subfield code="1">0</subfield>
    <subfield code="2">ddc</subfield>
    <subfield code="4">0</subfield>
    <subfield code="7">0</subfield>
    <subfield code="8">NFIC</subfield>
    <subfield code="a">BIBIB</subfield>
    <subfield code="b">BIBIB</subfield>
    <subfield code="c">AU</subfield>
    <subfield code="d">2025-06-25</subfield>
    <subfield code="e">doa&#xE7;&#xE3;o</subfield>
    <subfield code="l">0</subfield>
    <subfield code="o">158.1 / K68p</subfield>
    <subfield code="p">2025-17366</subfield>
    <subfield code="r">2025-06-25 07:52:02</subfield>
    <subfield code="w">2025-06-25</subfield>
    <subfield code="y">BK</subfield>
  </datafield>
  <datafield tag="999" ind1=" " ind2=" ">
    <subfield code="c">435</subfield>
    <subfield code="d">435</subfield>
  </datafield>
</record>
